000 00369nam a2200169Ia 4500
100 _aBalaguruswamy/ E.
650 _aJava
250 _a3
942 _cBK
366 _f15
654 _ajava
245 _aProgramming with Java:A Primer
260 _bTata Mc Graw hill Ltd.
_aNew Delhi
_c2007
082 _a005.133J/BAL
_bBAL
300 _a490
546 _aENGLISH
999 _c28708
_d28708